00525nam a22001817a 450000500170000001000150001702000260003203500140005803700090007208200090008110000180009024500350010825000060014326000540014927000880020330000200029170000320031120250210153408.0 aENG-127265 c499.00a9788119798162 aEN-127265 bDBAD aS21 aKazak, kirpal aBattlefield/cby Kirpal, Kazak a1 aNew Delhi bHar-Anand Publications Pvt Ltd c2024 bNew Delhi e110020aE-49/3, Okhla Industrial Area, Phase IIminfo@haranandbooks.com a166p.c21cm(pb) aBal,Hartaj KaureTranslator